<?xml version="1.0" encoding="UTF-8"?>
<record
    xmlns:xsi="http://www.w3.org/2001/XMLSchema-instance"
    xsi:schemaLocation="http://www.loc.gov/MARC21/slim http://www.loc.gov/standards/marcxml/schema/MARC21slim.xsd"
    xmlns="http://www.loc.gov/MARC21/slim">

  <leader>01826nam a2200409 a 4500</leader>
  <controlfield tag="005">20240516110336.0</controlfield>
  <controlfield tag="008">100810s2004||||us a   f |||| 001 0 spa d</controlfield>
  <datafield tag="020" ind1=" " ind2=" ">
    <subfield code="a">1880696193</subfield>
  </datafield>
  <datafield tag="041" ind1=" " ind2=" ">
    <subfield code="a">spa</subfield>
  </datafield>
  <datafield tag="092" ind1=" " ind2=" ">
    <subfield code="c">617.1</subfield>
    <subfield code="l">13</subfield>
    <subfield code="s">COM</subfield>
  </datafield>
  <datafield tag="110" ind1="1" ind2=" ">
    <subfield code="a">Comit&#xE9; de Trauma del Colegio Americano de Cirujanos.</subfield>
    <subfield code="9">1874</subfield>
  </datafield>
  <datafield tag="245" ind1=" " ind2=" ">
    <subfield code="a">ATLS Programa Avanzado de Apoyo Vital en Trauma para M&#xE9;dicos.</subfield>
    <subfield code="b">Manual del curso /</subfield>
    <subfield code="c">Comite de Trauma del Colegio Americano de Cirujanos</subfield>
  </datafield>
  <datafield tag="250" ind1=" " ind2=" ">
    <subfield code="a">7a ed. en espa&#xF1;ol, de la 7a ed. en ingl&#xE9;s</subfield>
    <subfield code="b">Traducci&#xF3;n Guillermo Arana</subfield>
  </datafield>
  <datafield tag="260" ind1=" " ind2=" ">
    <subfield code="a">Argentina:</subfield>
    <subfield code="b">Prensa M&#xE9;dica Argentina;</subfield>
    <subfield code="c">2005.</subfield>
  </datafield>
  <datafield tag="300" ind1=" " ind2=" ">
    <subfield code="a">407 p.</subfield>
  </datafield>
  <datafield tag="500" ind1=" " ind2=" ">
    <subfield code="a">Comit&#xE9; de Trauma del Colegio Americano de Cirujanos. (2005). ATLS. Programa Avanzado de Apoyo Vital en Trauma para M&#xE9;dicos. Manual del curso. (7a ed.). Argentina : Prensa M&#xE9;dica Argentina.</subfield>
  </datafield>
  <datafield tag="653" ind1=" " ind2=" ">
    <subfield code="a">Evaluaci&#xF3;n y tratamientos iniciales</subfield>
  </datafield>
  <datafield tag="653" ind1=" " ind2=" ">
    <subfield code="a">Manejo de la v&#xED;a a&#xE9;rea y la ventilaci&#xF3;n</subfield>
  </datafield>
  <datafield tag="653" ind1=" " ind2=" ">
    <subfield code="a">Choque</subfield>
  </datafield>
  <datafield tag="653" ind1=" " ind2=" ">
    <subfield code="a">Trauma tor&#xE1;cico</subfield>
  </datafield>
  <datafield tag="653" ind1=" " ind2=" ">
    <subfield code="a">Trauma abdominal</subfield>
  </datafield>
  <datafield tag="653" ind1=" " ind2=" ">
    <subfield code="a">Trauma craneoencef&#xE1;lico</subfield>
  </datafield>
  <datafield tag="653" ind1=" " ind2=" ">
    <subfield code="a">Trauma de la columna vertebral y medula espinal</subfield>
  </datafield>
  <datafield tag="653" ind1=" " ind2=" ">
    <subfield code="a">Trauma musculoesquel&#xE9;tico</subfield>
  </datafield>
  <datafield tag="653" ind1=" " ind2=" ">
    <subfield code="a">Lesiones por quemaduras y por exposici&#xF3;n al frio</subfield>
  </datafield>
  <datafield tag="653" ind1=" " ind2=" ">
    <subfield code="a">Extremos de la edad</subfield>
  </datafield>
  <datafield tag="653" ind1=" " ind2=" ">
    <subfield code="a">Trauma en la mujer</subfield>
  </datafield>
  <datafield tag="653" ind1=" " ind2=" ">
    <subfield code="a">Traslado para cuidados definitivos</subfield>
  </datafield>
  <datafield tag="653" ind1=" " ind2=" ">
    <subfield code="a">Ap&#xE9;ndice: Prevenci&#xF3;n de lesiones</subfield>
  </datafield>
  <datafield tag="653" ind1=" " ind2=" ">
    <subfield code="a">Ap&#xE9;ndice: Biomec&#xE1;nica de las lesiones</subfield>
  </datafield>
  <datafield tag="653" ind1=" " ind2=" ">
    <subfield code="a">Ap&#xE9;ndice: Inmunizaci&#xF3;n para la prevenci&#xF3;n del T&#xE9;tanos</subfield>
  </datafield>
  <datafield tag="653" ind1=" " ind2=" ">
    <subfield code="a">Ap&#xE9;ndice: Clasificaciones de trauma revisada y pedi&#xE1;trica</subfield>
  </datafield>
  <datafield tag="653" ind1=" " ind2=" ">
    <subfield code="a">Ap&#xE9;ndice: Muestra de la hoja de flujo de trauma</subfield>
  </datafield>
  <datafield tag="653" ind1=" " ind2=" ">
    <subfield code="a">Ap&#xE9;ndice: Trauma ocular</subfield>
  </datafield>
  <datafield tag="653" ind1=" " ind2=" ">
    <subfield code="a">Ap&#xE9;ndice: Cuidado de lesiones en ambientes austeros y hostiles</subfield>
  </datafield>
  <datafield tag="942" ind1=" " ind2=" ">
    <subfield code="2">ddc</subfield>
    <subfield code="c">BK</subfield>
  </datafield>
  <datafield tag="999" ind1=" " ind2=" ">
    <subfield code="c">1146</subfield>
    <subfield code="d">1146</subfield>
  </datafield>
  <datafield tag="952" ind1=" " ind2=" ">
    <subfield code="0">0</subfield>
    <subfield code="1">0</subfield>
    <subfield code="2">ddc</subfield>
    <subfield code="4">0</subfield>
    <subfield code="7">0</subfield>
    <subfield code="8">REF</subfield>
    <subfield code="a">BFM</subfield>
    <subfield code="b">BFM</subfield>
    <subfield code="c">REF</subfield>
    <subfield code="d">2012-12-05</subfield>
    <subfield code="l">18</subfield>
    <subfield code="m">1</subfield>
    <subfield code="o">617.1 13 COM</subfield>
    <subfield code="p">2727</subfield>
    <subfield code="r">2018-06-15</subfield>
    <subfield code="s">2018-06-12</subfield>
    <subfield code="t">ej.1</subfield>
    <subfield code="w">2012-12-05</subfield>
    <subfield code="y">REF</subfield>
    <subfield code="z">LIBRO DE CONSULTA. Donaci&#xF3;n Dr. Rub&#xE9;n Torres, Dic. 2012</subfield>
  </datafield>
</record>
